| 000 | 00476nam a2200169 a 4500 | ||
|---|---|---|---|
| 005 | 20140412111334.0 | ||
| 008 | 040414s19uu xx 00 eng d | ||
| 020 | _a0-02-181107-5 | ||
| 050 |
_aTR(PS E _bCo64 1979 |
||
| 100 | _aGomi, Taro | ||
| 245 |
_aCoco can't wait / _cby Taro Gomi. |
||
| 260 |
_aNew York : _bMacmillan McGraw-Hill, _c1979. |
||
| 300 | _a33 p. ; ill. | ||
| 650 |
_aGrandmother and grandaughter _xFiction |
||
| 650 | _aChildren stories | ||
| 999 |
_c105003 _d105003 |
||